Sidus bio sidus : pioneros 100 % argentinos [cd-rom]

Guardado en:
Formato: Libro
Publicado: Tucumán : Sidus, 2002
Materias:
Etiquetas: Agregar Etiqueta
Sin Etiquetas, Sea el primero en etiquetar este registro!
LEADER 00898nam a22002055a 4500
001 CEM.cems018055
005 20130906103713.0
008 130507s2002##################000#0#####d
003 CEMS
082 0 4 |a CD660.6 
245 0 0 |a Sidus bio sidus :  |b pioneros 100 % argentinos [cd-rom] 
260 |a Tucumán :  |b Sidus,  |c 2002 
300 |a 1 CD-ROM 
500 |a El nacimiento de las primeras terneras clonadas transgénicas de Latinoamérica. (argentina - Septiembre 2002) 
505 0 |a Bovinos clonados y transgénicos. El nacimiento de Pampa y de las terneras transgénicas (06`47``) -- Breve introducción a la biotecnología (05´27´´) -- Bio Sidus S. A. Instalaciones y procesos productivos (19´00´´) 
653 |a Biotecnología 
653 |a Bovinos clonados 
653 |a Clonación de bovinos 
653 |a Terneras transgénicas 
859 |a CEMS  |b BIB. CEMS - Agricultura  |h CD660.6  |i B524  |p A0072.013  |t Ej.1